[Event "Friendship Cup AZE-IRI"]
[Site "Baku AZE"]
[Date "2003.04.02"]
[Round "5"]
[White "Badjarani,I"]
[Black "Moradi,B"]
[Result "1-0"]
[WhiteElo "2368"]
[BlackElo "2216"]

1.e4 c5 2.Nc3 e6 3.Nf3 Nc6 4.d4 cxd4 5.Nxd4 d6 6.Be3 Nf6 7.Bc4 a6 8.Qe2 Qc7
9.Bb3 Be7 10.O-O-O Na5 11.g4 b5 12.g5 Nxb3+ 13.axb3 Nd7 14.Rhg1 b4 15.Na4 Nc5
16.Qc4 Bd7 17.Qxb4 Rb8 18.Qc3 Bxa4 19.bxa4 Qb7 20.f3 Nxa4 21.Qc6+ Qxc6 22.Nxc6 Rc8
23.Nxe7 Kxe7 24.Rg4 Nc5 25.Rh4 Nd7 26.Bd4 e5 27.Bc3 f6 28.Bb4 Rc6 29.Rg1 fxg5
30.Rxg5 Kf7 31.f4 h6 32.Rf5+ Ke6 33.Rg4 Rc4 34.Rg6+ Nf6 35.Bxd6 Kf7 36.Rg2 exf4
37.Rxf4 Rxe4 38.Rxe4 Nxe4 39.Be5 Rg8 40.Rg4 Nc5 41.Rc4 Nd7 42.Rc7 Ke6 43.Bd4 g5
44.Ra7 h5 45.c4 Nb8 46.Rh7 h4 47.Kd2 Nc6 48.Rh6+ Kd7 49.Bc3 a5 50.Kd3 a4
51.Ke4 Rf8 52.Bf6 Re8+ 53.Kf5 Re2 54.h3 Re3 55.Bxg5 Rxh3 56.Bf4 Na5 57.Rd6+ Ke7
58.c5 Nc4 59.Bg5+ Kf7 60.Rd7+ Ke8 61.Ke6 Kf8 62.c6 Nb6 63.Bh6+ Kg8 64.Rg7+ Kh8
65.Rb7 Rb3 66.c7 h3 67.Bf4 Nc8 68.Rb8 Re3+ 69.Bxe3 h2 70.Rxc8+ Kh7 71.Rh8+  1-0

[Event "Classics GM"]
[Site "Gausdal NOR"]
[Date "2003.04.03"]
[Round "1"]
[White "Carlsen,M"]
[Black "Daly,C"]
[Result "1-0"]
[WhiteElo "2315"]
[BlackElo "2353"]

1.e4 c5 2.Nf3 e6 3.d4 cxd4 4.Nxd4 Nc6 5.Nc3 d6 6.Be3 Nf6 7.f4 Be7 8.Qf3 O-O
9.O-O-O Qc7 10.Nb3 a6 11.g4 b5 12.g5 Nd7 13.h4 Bb7 14.g6 Nb4 15.a3 Nc6 16.Bh3 hxg6
17.h5 g5 18.f5 Nce5 19.Qg3 g4 20.Bxg4 Nxg4 21.h6 g5 22.Qxg4 Ne5 23.Qh5 g4
24.Bd4 Bf6 25.Bxe5 Bxe5 26.Qxg4+ Kh8 27.Rdg1  1-0

[Event "XII It II"]
[Site "Dos Hermanas ESP"]
[Date "2003.04.04"]
[Round "7"]
[White "Fernandez Garcia,Jo"]
[Black "Rodriguez Guerrero,E"]
[Result "1-0"]
[WhiteElo "2452"]
[BlackElo "2450"]

1.e4 c5 2.Nf3 e6 3.d4 cxd4 4.Nxd4 Nc6 5.Nc3 Qc7 6.Be3 a6 7.Bd3 Nf6 8.O-O h5
9.h3 Bd6 10.Nxc6 dxc6 11.f4 e5 12.f5 b5 13.Qf3 Bb7 14.a4 Rd8 15.Rfd1 Qe7
16.Qf2 Kf8 17.Ne2 Nd7 18.c4 b4 19.Bc2 Bc7 20.Nc1 a5 21.Nb3 Kg8 22.Nc5 Nxc5
23.Bxc5 Qf6 24.Bb6 Qe7 25.Bxc7 Qxc7 26.Rxd8+ Qxd8 27.Rd1 Qc7 28.c5 Qe7 29.Rd6 h4
30.Bb3 Rh5 31.Kh2 Ba6 32.f6 gxf6 33.Rxc6 Bb7 34.Rxf6 Rh7 35.Qf5 Rg7 36.c6 Ba6
37.c7  1-0

[Event "OSS IM"]
[Site "Oslo NOR"]
[Date "2003.04.04"]
[Round "2"]
[White "Asauskas,H"]
[Black "Hermansson,E"]
[Result "1/2-1/2"]
[WhiteElo "2338"]
[BlackElo "2396"]

1.e4 c5 2.Nf3 Nc6 3.d4 cxd4 4.Nxd4 e6 5.Nc3 Qc7 6.g3 a6 7.Bg2 d6 8.O-O Bd7
9.Nxc6 Bxc6 10.Re1 Be7 11.Qg4 h5 12.Qe2 h4 13.a4 Nf6 14.a5 Rc8 15.Bg5 hxg3
16.hxg3 Kf8 17.Red1 g6 18.Rd4 Kg7 19.Qd2 Rh5 20.Bf3 Rxg5 21.Qxg5 Nxe4 22.Qe3 Nxc3
23.Bxc6 Qxc6 24.Qxc3 Qxc3 25.bxc3 d5 26.Rb1 Rc7 27.Rb3 Kf8 28.Rd1 Bf6 29.Rdb1 Bxc3
30.Rxb7 Bxa5 31.Rb8+ Kg7 32.Ra1 Rc5 33.Ra2 Bc7 34.Rc8 a5 35.Kf1 Kf6 36.Ke2 g5
37.Kd3 Rc4 38.Ra8 g4 39.Rb2 Be5 40.Rb7 Rc3+ 41.Kd2 Rf3 42.Rg8 Rxf2+ 43.Kd1 Bxg3
44.Rxg4 Bf4 45.Ra7 Bd2 46.Rg8 Bc3 47.Rf8 Kg6 48.Rg8+ Kf6 49.Rf8 Kg7 50.Rd8 d4
51.Re8 Kg6 52.Rg8+ Kf6 53.Rf8 Kg7 54.Re8 e5 55.Rae7 Kf6 56.Re6+ fxe6 57.Rf8+ Ke7
58.Rxf2 a4 59.Rh2 a3 60.Rh7+ Kf6 61.Ra7 Bb2 62.Ke2 e4 63.Ra5 Ke7 64.Ra4 Kd6
65.Ra8 Kc7 66.Ra7+ Kb6 67.Ra8 e5 68.Ra4 e3 69.Ra8 Kb7 70.Ra4 Kc6 71.Ra8 e4
72.Ra7 Kd5 73.Ra8 Kd6 74.Rd8+ Kc7 75.Ra8 Kb7 76.Ra4 Kb6 77.Ra8 Kc6 78.Ra7 Kd5
79.Ra8 Ke6 80.Re8+ Kd7 81.Ra8 Ke7 82.Ra7+ Kf6 83.Ra8 Kg5 84.Rg8+ Kh4 85.Rh8+ Kg3
86.Rg8+ Kf4 87.Rf8+ Ke5 88.Re8+ Kd6 89.Rd8+ Kc7 90.Ra8 Kb7 91.Ra4 Kb6 92.Ra8 Kc5
93.Rc8+ Kb5 94.Rb8+ Kc6 95.Ra8 Bc1 96.Kd1 Bd2 97.Rxa3 Bb4 98.Ra6+ Kd5 99.Ke2 Bc5
100.Ra4 Bb6 101.Rb4 Kc5 102.Rb1 Ba5 103.Rb8 Bb6 104.Rb7 Kc6 105.Re7 Kd5 106.Re8 Bc5
107.Rd8+ Kc4 108.Re8 Kc3 109.Kd1 e2+ 110.Kxe2 Kxc2 111.Rxe4 d3+ 112.Kf3 d2
113.Re2 Kd3 114.Rxd2+ Kxd2  1/2-1/2

[Event "National I"]
[Site "Besancon FRA"]
[Date "2003.04.05"]
[Round "5"]
[White "Sokolov,And"]
[Black "Delchev,A"]
[Result "1/2-1/2"]
[WhiteElo "2563"]
[BlackElo "2577"]

1.e4 c5 2.Nf3 e6 3.d4 cxd4 4.Nxd4 Nc6 5.Nc3 Qc7 6.Be2 a6 7.O-O Nf6 8.Be3 Be7
9.f4 d6 10.a4 O-O 11.Kh1 Bd7 12.Nb3 Nb4 13.Bf3 Rac8 14.Rf2 e5 15.Rd2 Rfe8
16.a5 Be6 17.Ra4 Bxb3 18.cxb3 d5 19.fxe5 Nxe4 20.Nxd5 Qxe5 21.Bxe4 Qxe4 22.Bg1 Bc5
23.Nxb4 Bxg1 24.Nc2 Qe5 25.Kxg1 Qxb2 26.Nd4 Qc3 27.Nf3 Qe3+ 28.Kf1 Rc3 29.Re2 Qxe2+
30.Qxe2 Rxe2 31.Kxe2 Rxb3 32.Rc4 Rb2+ 33.Ke3 h6 34.g4 Rb5 35.Rc8+ Kh7 36.Rc7 f5
37.gxf5 Rxf5 38.Rxb7 Rxa5 39.Ke4 Ra1 40.Ra7 a5 41.Nd4 Kg6 42.Ne2 Kf6 43.Nf4 Ra4+
44.Kf3 g5 45.Nd5+ Kg6 46.Ra6+ Kg7 47.Ra7+ Kg6 48.Ra6+ Kg7 49.Nc3 Ra3 50.Rc6 Rb3
51.Ke4 Rb4+ 52.Ke5 Rh4 53.Ne4 Rxh2 54.Kf5 Kf7 55.Re6 h5 56.Nd6+ Kg7 57.Rg6+ Kf8
58.Re6 Kg7 59.Re7+ Kh6 60.Nf7+ Kg7 61.Ne5+ Kh6 62.Nf7+ Kg7 63.Nxg5+ Kf8 64.Re5 Kg7
65.Re7+ Kf8 66.Re1 Kg7 67.Rf1 a4 68.Ne4 a3 69.Rg1+ Kf7 70.Ra1 a2 71.Nc3 Rc2
72.Nxa2 Rc5+ 73.Ke4 Kg6 74.Nc1 Rc4+ 75.Ke3 h4 76.Nd3 Rc3 77.Ke4 Rc4+ 78.Kd5 Rc3
79.Ne5+ Kg5 80.Ke4 h3 81.Nf3+ Kf6 82.Rh1 Rc4+ 83.Kd3 Ra4 84.Rxh3 Ra3+ 85.Ke4 Ra4+
86.Nd4 Ra1 87.Rf3+ Kg6 88.Rf8 Re1+ 89.Kf4 Ra1 90.Rd8 Rf1+ 91.Nf3 Kf6 92.Ke4 Ra1
93.Rd6+ Ke7 94.Rh6 Ra4+ 95.Kf5 Ra1 96.Re6+ Kd7 97.Ne5+ Kc7 98.Rc6+ Kb7 99.Rc5 Rb1
100.Ke6 Kb6 101.Nd7+ Kb7 102.Nf6 Rb6+ 103.Ke7 Rc6 104.Rd5 Rc7+ 105.Nd7 Kc6
106.Ke6 Ra7 107.Ne5+ Kb7 108.Kd7 Kb6+ 109.Kd6 Ra6 110.Rc5 Kb7+ 111.Nc6 Rb6
112.Rc4 Rb1 113.Nb4 Rh1 114.Re4 Rh6+ 115.Kc5 Kc7 116.Nd5+ Kd8 117.Re7 Rh5
118.Re6 Kd7 119.Rd6+ Ke8 120.Kc6 Rh1 121.Rf6 Ra1 122.Rf2 Ra6+ 123.Kc7 Ra7+
124.Kd6 Ra6+ 125.Ke5 Ra1 126.Rf3 Ra5 127.Kd6 Ra6+  1/2-1/2

[Event "FSGM April"]
[Site "Budapest HUN"]
[Date "2003.04.05"]
[Round "1"]
[White "Aagaard,J"]
[Black "Hoffmann,Mi"]
[Result "1-0"]
[WhiteElo "2355"]
[BlackElo "2435"]

1.e4 c5 2.Nf3 e6 3.d4 cxd4 4.Nxd4 Nc6 5.Nc3 Qc7 6.Be3 a6 7.Qd2 Nf6 8.O-O-O Bb4
9.f3 Ne5 10.Nb3 b5 11.Bd4 Be7 12.Qf2 O-O 13.g4 b4 14.Na4 d5 15.g5 Nfd7 16.f4 Nc4
17.exd5 Bb7 18.f5 Bxd5 19.f6 Bd6 20.fxg7 Rfc8 21.Bd3 Nce5 22.Rhf1 Nxd3+ 23.Rxd3 Ne5
24.Bxe5 Bxe5 25.Nb6 Be4 26.Nxa8 Rxa8 27.Rd2 Rc8 28.Nc5 Bf5 29.Nd7 Bxb2+ 30.Kxb2 Qc3+
31.Kb1 b3 32.Nf6+ Kxg7 33.axb3 Rb8 34.Ne4 Rxb3+ 35.cxb3 Qxb3+ 36.Ka1 Qa4+
37.Ra2 Qxe4 38.Re1  1-0

[Event "Team Cup"]
[Site "Belgrade YUG"]
[Date "2003.04.06"]
[Round "3"]
[White "Nikolic,Mo"]
[Black "Andrijevic,M"]
[Result "0-1"]
[WhiteElo "2276"]
[BlackElo "2383"]

1.e4 c5 2.Nf3 Nc6 3.d4 cxd4 4.Nxd4 e6 5.Nc3 Qc7 6.Be3 a6 7.Bd3 Nf6 8.O-O Ne5
9.h3 Bc5 10.f4 Nc6 11.e5 Nxe5 12.fxe5 Qxe5 13.Bf4 Qxd4+ 14.Kh1 Be7 15.Qf3 d5
16.Rae1 Bd7 17.Be5 Qc5 18.Ne2 Bb5 19.Nd4 Bxd3 20.cxd3 O-O 21.Qg3 Ne8 22.Nb3 Qb6
23.Rc1 Bd6 24.d4 Bxe5 25.dxe5 Nc7 26.Nc5 Rad8 27.Nd3 Rd7 28.Rf4 Rfd8 29.Rcf1 d4
30.Rg4 g6 31.Qh4 Nd5 32.Qh6 Ne3 33.Rh4 f5 34.Rf3 Rg7 35.Rg3 Rdd7 36.Nf4 Qc6
37.Rf3 g5  0-1

[Event "National I"]
[Site "Besancon FRA"]
[Date "2003.04.06"]
[Round "6"]
[White "Gallagher,Jo"]
[Black "Sokolov,And"]
[Result "1/2-1/2"]
[WhiteElo "2515"]
[BlackElo "2563"]

1.e4 c5 2.Nf3 e6 3.d4 cxd4 4.Nxd4 Nc6 5.Nc3 d6 6.Be3 Nf6 7.Be2 Be7 8.O-O O-O
9.f4 a6 10.Qe1 Nxd4 11.Bxd4 b5 12.a3 Bb7 13.Qg3 Qc7 14.Kh1 Bc6 15.Rad1 Rac8
16.Rfe1 Rfd8 17.Bf3 Ne8 18.Qf2 Rb8 19.Rd2  1/2-1/2

[Event "National I"]
[Site "Besancon FRA"]
[Date "2003.04.06"]
[Round "6"]
[White "Luther,T"]
[Black "Lutz,C"]
[Result "1/2-1/2"]
[WhiteElo "2571"]
[BlackElo "2640"]

1.e4 c5 2.Nf3 e6 3.d4 cxd4 4.Nxd4 Nc6 5.Nc3 Qc7 6.f4 Nxd4 7.Qxd4 a6 8.a4 Nf6
9.Be3 Ng4 10.Bd2 Qc5 11.Qxc5 Bxc5 12.Bd3 Nf2 13.Rf1 Nxd3+ 14.cxd3 d6 15.a5 Bd7
16.Na4 Bb5 17.Rf3 Rc8 18.Nxc5 Rxc5 19.Rc1 Rxc1+ 20.Bxc1 f5 21.exf5 exf5 22.Bd2 Kd7
23.Bc3 Re8+ 24.Kd2 g6 25.Re3 Rxe3  1/2-1/2

[Event "National I"]
[Site "Bordeaux FRA"]
[Date "2003.04.06"]
[Round "6"]
[White "Tirard,H"]
[Black "Cousigne,F"]
[Result "1-0"]
[WhiteElo "2393"]
[BlackElo "2255"]

1.e4 c5 2.Nf3 e6 3.d4 cxd4 4.Nxd4 Nc6 5.Nc3 a6 6.Be3 Nge7 7.Nb3 b5 8.Be2 Na5
9.Nxa5 Qxa5 10.a3 Nc6 11.O-O Be7 12.f4 d6 13.Bd3 Qc7 14.Qh5 g6 15.Qe2 O-O
16.f5 Qd8 17.Bh6 Re8 18.Qf2 Ne5 19.f6 Bf8 20.Qh4 Qb6+ 21.Kh1 Kh8 22.Rf4 Qe3
23.Re1 Qd2 24.Nb1 Qxe1+ 25.Qxe1 Bxh6 26.Rf1 Bb7 27.Qh4 Be3 28.Re1 Bd4 29.Nc3 Bxc3
30.bxc3 Rac8 31.Re3 Nd7 32.Rh3 h5 33.Qg5 Kg8 34.Rxh5 Nxf6 35.Rh4 Nh5 36.g4 Ng7
37.Qh6 f5 38.Qxg6 Rxc3 39.g5 Rxa3 40.Rh7 Re7 41.Qh6 fxe4 42.Rh8+ Kf7 43.Qf6+  1-0

[Event "XII It II"]
[Site "Dos Hermanas ESP"]
[Date "2003.04.06"]
[Round "9"]
[White "Korneev,O"]
[Black "Rodriguez Guerrero,E"]
[Result "0-1"]
[WhiteElo "2613"]
[BlackElo "2450"]

1.e4 c5 2.Nf3 e6 3.d4 cxd4 4.Nxd4 Nc6 5.Nc3 Qc7 6.Be3 a6 7.Bd3 Nf6 8.O-O Nxd4
9.Bxd4 Bc5 10.Bxc5 Qxc5 11.Kh1 d6 12.f4 e5 13.fxe5 Qxe5 14.Nd5 Ng4 15.g3 O-O
16.Be2 Nh6 17.c3 Bh3 18.Rf4 Rae8 19.Rh4 Bd7 20.Bf3 Kh8 21.Rh5 f5 22.g4 Bc6
23.c4 Qxb2 24.exf5 Bxd5 25.cxd5 Re3 26.Rb1 Qf2  0-1

[Event "OSS IM"]
[Site "Oslo NOR"]
[Date "2003.04.06"]
[Round "7"]
[White "Kirkebo,C"]
[Black "Hermansson,E"]
[Result "0-1"]
[WhiteElo "2117"]
[BlackElo "2396"]

1.e4 c5 2.Nf3 Nc6 3.d4 cxd4 4.Nxd4 e6 5.Nc3 Qc7 6.f4 a6 7.Be3 b5 8.Be2 Bb7
9.Nxc6 Qxc6 10.Bf3 Rc8 11.Qd4 h5 12.O-O Qc5 13.Qxc5 Bxc5 14.Bxc5 Rxc5 15.a3 Nf6
16.Rad1 Bc6 17.e5 Ng4 18.Bxc6 Rxc6 19.Rd3 Ke7 20.Rfd1 Rc7 21.Ne4 Rd8 22.c3 Rc4
23.Re1 f5 24.exf6+ Nxf6 25.Nxf6 gxf6 26.g3 d5 27.Rde3 Rd6 28.Kf2 a5 29.R1e2 b4
30.axb4 axb4 31.Kg2 Rdc6 32.cxb4 Rxb4 33.Kh3 d4 34.Rd3 Kd6 35.Kg2 Kd5 36.Kf3 e5
37.Ra3 Rcb6 38.Ra5+ R6b5 39.Rxb5+ Rxb5 40.fxe5 fxe5 41.h3 Rb3+ 42.Kf2 e4
43.g4 h4 44.Kg2 Rg3+  0-1

[Event "IV IM"]
[Site "Monaco MNC"]
[Date "2003.04.07"]
[Round "1"]
[White "Basso,F"]
[Black "Perez,Fl"]
[Result "1/2-1/2"]
[WhiteElo "2217"]
[BlackElo "2150"]

1.e4 c5 2.Nf3 e6 3.d4 cxd4 4.Nxd4 Nc6 5.Nc3 Qc7 6.Be3 a6 7.Qd2 Nf6 8.O-O-O b5
9.Bf4 Qb6 10.e5 Qxd4 11.Qxd4 Nxd4 12.Rxd4 b4 13.Na4 Nd5  1/2-1/2

[Event "TCh-CZE 2002-3"]
[Site "Czech Rep CZE"]
[Date "2003.04.12"]
[Round "10"]
[White "Vesselovsky,S"]
[Black "Votava,J"]
[Result "1/2-1/2"]
[WhiteElo "2422"]
[BlackElo "2518"]

1.e4 c5 2.Nc3 e6 3.Nge2 Nc6 4.d4 cxd4 5.Nxd4 Qc7 6.Be2 a6 7.O-O Nf6 8.Be3 Be7
9.f4 d6 10.Qe1 O-O 11.Qg3 Nxd4 12.Bxd4 b5 13.Kh1 Bb7 14.a3 Bc6 15.Rae1 Qb7
16.e5 dxe5 17.fxe5 Ne4 18.Nxe4 Bxe4 19.c3 a5 20.Bf3 Bxf3 21.Rxf3 b4 22.axb4 axb4
23.Ref1 bxc3 24.bxc3 Ra2 25.h3 Qa6 26.Rf4 Ra1 27.Rxa1 Qxa1+ 28.Kh2 Qc1 29.Rf2 h5
30.Qf3 h4 31.Rf1 Qg5 32.Kg1 Ba3 33.Qe4 Rb8 34.Ba7 Rd8 35.Be3 Qh5 36.Bd4 Be7
37.Ra1 Bg5 38.Rb1 Qh7 39.Qxh7+ Kxh7 40.Kf2 Bf4 41.Kf3  1/2-1/2

[Event "Asian Teams"]
[Site "Jodhpur IND"]
[Date "2003.04.12"]
[Round "6"]
[White "Neelotpal,D"]
[Black "Ye Jiangchuan"]
[Result "1/2-1/2"]
[WhiteElo "2468"]
[BlackElo "2684"]

1.e4 c5 2.Nf3 e6 3.d4 cxd4 4.Nxd4 Nc6 5.Nc3 Qc7 6.Be2 a6 7.O-O Nf6 8.Kh1 Be7
9.Be3 O-O 10.f4 d6 11.a4 Re8 12.Bf3 Bd7 13.Nb3 b6 14.g4 Bc8 15.g5 Nd7 16.Bg2 Bb7
17.Rf3 g6 18.Rh3 Nb4 19.Qd2 Bf8 20.Nd1 Qc4 21.Bd4 e5 22.Ne3 Qc7 23.Bc3 a5
24.Nd1 Nc6 25.Nf2 Rac8 26.Ng4 Ra8 27.Nf2 Nb4 28.Nd1 Qc4 29.Bd4 Bxe4 30.Ne3 Qc7
31.Bc3 exf4 32.Ng4 Nc6 33.Qxf4 Nce5 34.Rf1 Bg7 35.Nh6+ Bxh6 36.Rxh6 Nf8 37.Nd4 Nfd7
38.Nb3 Re7 39.Nd4  1/2-1/2

[Event "IM"]
[Site "Deizisau GER"]
[Date "2003.04.13"]
[Round "3"]
[White "Papa,S"]
[Black "Janssen,R"]
[Result "0-1"]
[WhiteElo "2366"]
[BlackElo "2483"]

1.e4 c5 2.Nf3 e6 3.Nc3 Nc6 4.d4 cxd4 5.Nxd4 Nf6 6.Nxc6 bxc6 7.e5 Nd5 8.Ne4 Qc7
9.f4 Qb6 10.c4 Bb4+ 11.Ke2 f5 12.Nf2 Ne7 13.Be3 Bc5 14.Bxc5 Qxc5 15.b3 Qb6
16.Qd6 c5 17.Nd3 Ng6 18.Ke3 Qxd6 19.exd6 Kf7 20.Nxc5 Re8 21.Be2 e5 22.Bh5 Rb8
23.Bxg6+ hxg6 24.fxe5 Rxe5+ 25.Kd4 Re2 26.Rhe1 Rd2+ 27.Nd3 Bb7 28.Re7+ Kf6
29.Kc3 Rxg2 30.Ne5 Bc6 31.Re1 Rxh2 32.Rxd7 Be4 33.Re7 Rc2+ 34.Kd4 Rd2+ 35.Kc5 Rc8+
36.Rc7 Rd8 37.Nc6 R8xd6 38.Nxa7 Rd1 39.Nb5 Rxe1 40.Nxd6 g5 41.Nxe4+ Rxe4
42.Rc6+ Kf7 43.Rc7+ Kg6 44.Rc6+ Kh5 45.Rc7 f4 46.Kd5 Re2 47.Rxg7 f3 48.Rf7 g4
49.c5 f2 50.c6 g3 51.c7 Rc2 52.Rf3 Rxc7  0-1

[Event "Seniorsko"]
[Site "Nisa YUG"]
[Date "2003.04.13"]
[Round "5"]
[White "Zivic,D"]
[Black "Mladenovic,J"]
[Result "1-0"]
[WhiteElo "2286"]
[BlackElo "2168"]

1.e4 c5 2.Nf3 Nc6 3.d4 cxd4 4.Nxd4 e6 5.Nc3 Qc7 6.Be3 a6 7.Be2 Nf6 8.O-O Bb4
9.Na4 Bd6 10.g3 Nxe4 11.Bf3 Nf6 12.Nb6 Rb8 13.Nb3 Ne5 14.Be2 Be7 15.f4 Ng6
16.c4 O-O 17.c5 Rd8 18.Rc1 d5 19.cxd6 Qxd6 20.Qxd6 Bxd6 21.Rfd1 Nd5 22.Nxd5 exd5
23.Ba7 Ra8 24.Bb6 Re8 25.Bf3 Be6 26.Bxd5 Bxd5 27.Rxd5 Bf8 28.Rc7 Re1+ 29.Kf2 Rae8
30.Rd2 R1e7 31.Rcd7 Rc8 32.Rd8 Rc6 33.Bc5 Rec7 34.f5 Ne7 35.Rxf8+  1-0

[Event "Asian Teams"]
[Site "Jodhpur IND"]
[Date "2003.04.14"]
[Round "8"]
[White "Kasimdzhanov,R"]
[Black "Ye Jiangchuan"]
[Result "0-1"]
[WhiteElo "2680"]
[BlackElo "2684"]

1.e4 c5 2.Nf3 e6 3.d4 cxd4 4.Nxd4 Nc6 5.Nc3 Qc7 6.Be3 a6 7.Qd2 Nf6 8.O-O-O Bb4
9.f3 Ne5 10.Nb3 b5 11.Bd4 Be7 12.Qg5 d6 13.Qxg7 Rg8 14.Qh6 b4 15.Na4 Rb8
16.Bxe5 dxe5 17.Kb1 Rg6 18.Qe3 Bd7 19.Rxd7 Nxd7 20.Nd2 Rd8 21.Qe1 Nb8 22.b3 Qd7
23.Bd3 Rxg2 24.f4 exf4 25.Nf3 Qa7 26.Nb2 Nc6 27.Nc4 Qf2 28.Qd1 Qc5 29.e5 Nd4
30.Qf1 Rg7 31.a4 bxa3 32.Nfd2 Nb5 33.Ne4 Qd4 34.Qe1 Kf8 35.Rf1 Rg2 36.Qa5 Rg1
37.Rxg1 Qxg1+ 38.Ka2 Qc1 39.Qxa6 Rxd3 40.cxd3 Nc3+ 41.Nxc3 Qc2+ 42.Ka1 Qxc3+  0-1

[Event "It"]
[Site "Budapest HUN"]
[Date "2003.04.17"]
[Round "6"]
[White "Movsesian,S"]
[Black "Polgar,Ju"]
[Result "1/2-1/2"]
[WhiteElo "2659"]
[BlackElo "2715"]

1.e4 c5 2.Nf3 e6 3.d4 cxd4 4.Nxd4 Nc6 5.Nc3 Qc7 6.Be3 a6 7.Qd2 Nf6 8.O-O-O Bb4
9.f3 Ne5 10.Nb3 d5 11.Bd4 O-O 12.Kb1 dxe4 13.Qf4 Bd6 14.Nxe4 Nxe4 15.Qxe4 Nc6
16.Bc3 Bd7 17.g4 Rfe8 18.Bd3 g6 19.Rhe1 e5 20.h4 Ne7 21.Bc4 Bc6 22.Qd3 Rad8
23.Qe3 Nc8 24.h5 Nb6 25.Na5 Na4 26.Bd2 Bc5 27.Qe2 Bd5 28.hxg6 hxg6 29.Bxd5 Rxd5
30.Rh1 e4 31.fxe4 Ba3 32.Qh2 Qxh2 33.Rxh2 Rb5 34.b3 Rd8 35.c4 Rxa5 36.bxa4 Bb4
37.Kc2 Bxd2 38.Rdxd2 Rxd2+ 39.Rxd2 Rxa4 40.Kd3 Kf8 41.Rb2 b5 42.cxb5 axb5
43.Rxb5  1/2-1/2

[Event "Foxwoods Open"]
[Site "Connecticut USA"]
[Date "2003.04.18"]
[Round "2"]
[White "Fishbein,A"]
[Black "Smirin,I"]
[Result "0-1"]
[WhiteElo "2496"]
[BlackElo "2662"]

1.e4 c5 2.Nf3 e6 3.d4 cxd4 4.Nxd4 Nc6 5.Nc3 d6 6.Be2 Nf6 7.O-O Be7 8.Be3 O-O
9.f4 Bd7 10.Nb3 a5 11.a4 Nb4 12.Bf3 e5 13.Kh1 Be6 14.Rf2 Qc8 15.Rd2 Ng4 16.Bxg4 Bxg4
17.Qg1 f5 18.fxe5 dxe5 19.Bc5 Bxc5 20.Qxc5 fxe4 21.Nxe4 Bf5 22.Qxc8 Raxc8
23.Nd6 Rxc2 24.Rxc2 Nxc2 25.Rf1 Ne3 26.Re1 Be6 27.Nd2 Rd8 28.N2e4 Bd5 29.Rxe3 Bxe4
30.Rxe4 Rxd6 31.h3 Rd5 32.Rc4 b5 33.Rc8+ Kf7 34.axb5 Rxb5 35.Rc6 e4 36.Kh2 e3
37.Rc2 Re5 38.Rc1 e2 39.Re1 Kf6 40.Kg3 Kf5  0-1

[Event "Foxwoods Open"]
[Site "Connecticut USA"]
[Date "2003.04.19"]
[Round "4"]
[White "Friedel,J"]
[Black "Sammour Hasbun,J"]
[Result "1/2-1/2"]
[WhiteElo "2293"]
[BlackElo "2441"]

1.e4 c5 2.Nf3 Nc6 3.Nc3 e6 4.d4 cxd4 5.Nxd4 Nf6 6.Nxc6 bxc6 7.e5 Nd5 8.Ne4 Qc7
9.f4 Qb6 10.c4 Ne3 11.Qd3 Bb4+ 12.Bd2 Ba6 13.b3 O-O 14.Nc3 Ng4 15.Qf3 f5
16.Ke2 d5 17.h3 Nh6 18.Na4 Qd4 19.Bc3 Bxc3 20.Nxc3 dxc4 21.b4 Rfd8 22.Qe3 Qb6
23.Qxb6 axb6 24.Ke3 Kf7 25.a4 b5 26.Be2 Ng8 27.Rhd1 Ne7 28.Bf3 bxa4 29.Rxa4 Rxd1
30.Nxd1 Ra7 31.Nc3 Rd7 32.Rxa6 Rd3+ 33.Ke2 Rxc3 34.Bxc6 Ng6 35.Ra7+ Kf8 36.Ra8+ Ke7
37.Ra7+ Kd8 38.Rd7+ Kc8 39.Rxg7 Nxf4+ 40.Kd2 Rb3 41.b5 Rd3+ 42.Kc2 Ne2 43.b6 Nd4+
44.Kc1 Nxc6 45.Rc7+ Kb8 46.Rxc6 Rg3 47.Rxe6 Rxg2 48.Kd1 Kb7 49.Rh6 c3 50.e6 c2+
51.Kc1 Re2 52.Rxh7+ Kxb6 53.Rh5  1/2-1/2

[Event "34th Norwegian Open"]
[Site "Oslo NOR"]
[Date "2003.04.20"]
[Round "9"]
[White "Asauskas,H"]
[Black "Agopov,M"]
[Result "0-1"]
[WhiteElo "2338"]
[BlackElo "2376"]

1.e4 c5 2.Nf3 Nc6 3.Nc3 e6 4.d4 cxd4 5.Nxd4 Nf6 6.Ndb5 d6 7.Bf4 e5 8.Bg5 a6
9.Na3 b5 10.Bxf6 gxf6 11.Nd5 Bg7 12.Bd3 Ne7 13.Nxe7 Qxe7 14.c3 f5 15.Nc2 Qb7
16.Qf3 O-O 17.Ne3 f4 18.Nd5 Be6 19.g4 Rfe8 20.Kf1 b4 21.c4 Qa7 22.g5 Qd4
23.Kg2 Bxd5 24.cxd5 Qxb2 25.Rab1 Qa3 26.Rb3 Qa4 27.Rhb1 a5 28.Qe2 Rab8 29.a3 Rec8
30.Qd2 Qd7 31.Ba6 Rf8 32.Qe2 f5 33.gxf6 Rxf6 34.Kh1 Rg6 35.axb4 f3 36.Rxf3 axb4
37.Rg3 Bh6 38.Qh5 Kg7 39.Rbg1 Qf7 40.Qxh6+ Kxh6  0-1

[Event "XXI Open"]
[Site "Metz FRA"]
[Date "2003.04.21"]
[Round "3"]
[White "Philippe,C"]
[Black "Ivanovic,B"]
[Result "1/2-1/2"]
[WhiteElo "2318"]
[BlackElo "2512"]

1.e4 c5 2.Nf3 e6 3.d4 cxd4 4.Nxd4 Nc6 5.Nc3 Qc7 6.Be2 a6 7.O-O Nf6 8.Kh1 Bb4
9.Qd3 b5 10.Nxc6 Qxc6 11.e5 Bxc3 12.Bf3 Nd5 13.bxc3 Bb7 14.Ba3 Rc8 15.Bxd5 Qxd5
16.Qxd5 Bxd5 17.Bb4 f5 18.a4 Rc4 19.axb5 axb5 20.f3 g5 21.Rfd1 Rg8 22.Rd4 g4
23.Rxc4 bxc4 24.f4 h5 25.Kg1 Kf7 26.Bd6 h4 27.Ra7 Bc6 28.Ra5 Rc8 29.Ra7 Kg6
30.Ra5 Be4 31.Ra2 Rc6 32.Ra7 g3 33.h3 Rb6 34.Bb4 Bxc2 35.Ra5 Be4 36.Kf1 Kf7
37.Ra7 Ke8 38.Ra3 Rb5 39.Ra5 Rxa5 40.Bxa5 d6 41.exd6 Kd7 42.Bb4 Bc6 43.Bc5 e5
44.fxe5 f4 45.Bb6 Be4 46.e6+ Kxd6 47.Bd8 Kxe6 48.Bxh4 Kf5 49.Bd8 Bd5 50.Bc7 Ke4
51.Kg1 Ke3 52.Bb6+ Ke2 53.Bc7 Bxg2 54.Bxf4 Kf3 55.Be5  1/2-1/2

[Event "60th ch-POL"]
[Site "Warsaw POL"]
[Date "2003.04.22"]
[Round "1"]
[White "Macieja,B"]
[Black "Jaracz,P"]
[Result "1/2-1/2"]
[WhiteElo "2634"]
[BlackElo "2549"]

1.e4 c5 2.Nf3 e6 3.d4 cxd4 4.Nxd4 Nc6 5.Nc3 Qc7 6.Be3 a6 7.Qd2 Nf6 8.O-O-O Bb4
9.f3 Ne5 10.Nb3 b5 11.Kb1 Be7 12.Qf2 d6 13.h4 h5 14.Qg3 b4 15.Ne2 Nc4 16.Bf2 O-O
17.Ned4 Bd7 18.Nd2 Nxd2+ 19.Rxd2 e5 20.Nf5 Bxf5 21.exf5 a5 22.Be3 Kh8 23.Be2 a4
24.Rd3 Rac8 25.Rc1 d5 26.Bd2 Qb8 27.Qe1 a3 28.Rb3 axb2 29.Rxb2 Qa7 30.Bd3 Bc5
31.Bxb4 e4 32.fxe4 dxe4 33.Bc4 Bxb4 34.Rxb4 Rxc4 35.Rxc4 Ra8 36.a4 Qd7 37.Qb4 Qxf5
38.Qb7 Re8 39.Qxf7 e3 40.Rc7 Qg4 41.Qc4 Re4 42.Qc5 e2 43.Re1 Rb4+ 44.Ka2 Rxa4+
45.Kb2 Rb4+ 46.Ka3 Rb8 47.c3 Ne4 48.Qd4 Qg3 49.Rd7 Nxc3 50.Rd8+ Rxd8 51.Qxd8+ Kh7
52.Qc8 Nd5+ 53.Kb2 Qxe1 54.Qf5+ Kg8 55.Qxd5+ Kf8 56.Qf5+ Ke7 57.Qe5+ Kd8  1/2-1/2

[Event "4th Karpov It"]
[Site "Poikovsky RUS"]
[Date "2003.04.24"]
[Round "5"]
[White "Svidler,P"]
[Black "Rublevsky,S"]
[Result "1-0"]
[WhiteElo "2713"]
[BlackElo "2670"]

1.e4 c5 2.Nf3 e6 3.d4 cxd4 4.Nxd4 Nc6 5.Nc3 a6 6.Be2 d6 7.Be3 Nf6 8.f4 Bd7
9.Bf3 Rc8 10.Qe2 b5 11.a3 Qc7 12.g4 Nxd4 13.Bxd4 Qc4 14.Qxc4 Rxc4 15.O-O-O h6
16.Rhe1 Be7 17.e5 dxe5 18.Bxe5 Bc8 19.Be2 Rc6 20.h4 O-O 21.g5 Nd7 22.Bd4 hxg5
23.hxg5 Bd6 24.Be3 Bxa3 25.Nxb5 Bxb2+ 26.Kxb2 axb5 27.Bxb5 Rc7 28.c4 Nc5
29.f5 exf5 30.Bf4 Rb7 31.Bd6 Be6 32.Bxc5 Rc8 33.Rxe6 fxe6 34.g6 Rbb8 35.Ba7 Rb7
36.Bf2 Kf8 37.Kb3 e5 38.Rd6 f4 39.Rd5 Rc6 40.Bc5+  1-0

[Event "I Regina Prol"]
[Site "Santos BRA"]
[Date "2003.04.24"]
[Round "3"]
[White "Van Riemsdijk,H"]
[Black "D'Israel,D"]
[Result "1-0"]
[WhiteElo "2393"]
[BlackElo "2291"]

1.e4 c5 2.Nf3 e6 3.d4 cxd4 4.Nxd4 Nc6 5.Nc3 Qc7 6.g3 a6 7.Bg2 Nf6 8.O-O d6
9.Re1 Nd7 10.Bg5 Nde5 11.Nxc6 bxc6 12.b3 Bb7 13.Na4 Be7 14.Bxe7 Qxe7 15.f4 Nd7
16.Qd4 e5 17.Qb4 Nc5 18.fxe5 Qxe5 19.Nb6 Rd8 20.Nc4 Qe7 21.e5 dxe5 22.Nxe5 Ne6
23.Bxc6+  1-0

[Event "5th Open"]
[Site "Dubai UAE"]
[Date "2003.04.25"]
[Round "6"]
[White "Kotsur,P"]
[Black "Skripchenko,A"]
[Result "0-1"]
[WhiteElo "2572"]
[BlackElo "2501"]

1.e4 c5 2.Nf3 Nc6 3.Nc3 e6 4.d4 cxd4 5.Nxd4 Nf6 6.Ndb5 d6 7.Bf4 e5 8.Bg5 a6
9.Na3 b5 10.Bxf6 gxf6 11.Nd5 Bg7 12.Bd3 Ne7 13.Nxe7 Qxe7 14.O-O f5 15.c4 O-O
16.Qf3 Rb8 17.exf5 e4 18.Bxe4 Bxb2 19.Rab1 Bxa3 20.f6 Qe5 21.Rfe1 Kh8 22.Qxa3 Qxf6
23.cxb5 Rxb5 24.Rxb5 axb5 25.Bc6 Rg8 26.Bxb5 Bb7 27.Bf1 Bd5 28.Qa5 Bxg2  0-1

[Event "Vedior Trophy"]
[Site "Milan ITA"]
[Date "2003.04.27"]
[Round "2"]
[White "Astengo,C"]
[Black "Castaldo,F"]
[Result "1/2-1/2"]
[WhiteElo "2165"]
[BlackElo "2328"]

1.e4 c5 2.Nf3 e6 3.d4 cxd4 4.Nxd4 Nc6 5.Nc3 Qc7 6.Be3 a6 7.Bd3 Nf6 8.Nxc6 Qxc6
9.O-O b5 10.Qf3 Bb7 11.Bd4 Be7 12.Rfe1 Qc7 13.a3 Rc8 14.Re2 O-O 15.Qh3 e5
16.Nd5 Bxd5 17.exd5 Bd6 18.Bc3 Rfe8 19.Rae1 Qc5 20.Bxe5 Bxe5 21.Rxe5 Rxe5
22.Rxe5 Qd4 23.Re1 Qxb2 24.g4 h6 25.Qe3 Qc3 26.Re2 Qc5 27.Qg3 Qxd5 28.Re5 Qd6
29.h4 Re8 30.Rxe8+ Nxe8 31.Qf3 g6 32.h5 g5 33.Qa8 Kf8 34.Bf5 Ke7 35.Qe4+ Kf8
36.Qa8 Qc6 37.Qd8 Qf6 38.Qa8 Qe7 39.Qxa6 Nd6 40.Bd3 Qe5 41.Kf1 Qd4 42.f3 Kg7
43.Kg2 Qc5 44.a4 bxa4  1/2-1/2